| 000 | 00372nam a2200133Ia 4500 | ||
|---|---|---|---|
| 008 | 191014s9999 xx 000 0 und d | ||
| 020 | _a978-0-387-29519-0 | ||
| 082 |
_a515.2433 _bJOR |
||
| 100 |
_aPalle E.T. Jorgensen _923743 |
||
| 245 | 0 | _aAnalysis and Probability Wavelets Sigtnals Fractals | |
| 260 |
_aNew York _bSpringer _c2006 |
||
| 300 | _aXliv,276 | ||
| 942 | _cBK | ||
| 999 |
_c531240 _d531240 |
||